000 00316 a2200109 4500
001 ART_3047
005 20260410161712.0
008 260409a
245 1 0 _aEl surgimiento del peronismo
100 1 _aGermani, Gino
773 0 _tDesarrollo económico
_g- Vol. 13, Nº 51 (oct./dic. 1973)
_wREV1174
999 _c16166
_d16166